[Event "HUN-ch U10/14 Girls"]
[Site "Buek"]
[Date "2023.06.22"]
[Round "6"]
[White "Hangay, Lilla"]
[Black "Kincses, Emma"]
[Result "1-0"]
[WhiteElo "1292"]
[BlackElo "1172"]
[PlyCount "57"]
[EventDate "2023.06.17"]
[EventType "swiss"]
[EventRounds "9"]
[EventCountry "HUN"]
[SourceTitle "CBM 215 Extra"]
[Source "ChessBase"]
[SourceDate "2023.09.30"]
[SourceVersion "1"]
[SourceVersionDate "2023.09.30"]
[SourceQuality "1"]

1. e4 c5 2. Nf3 g6 3. d4 cxd4 4. Nxd4 Nc6 5. Nc3 Bg7 6. Be3 Nf6 7. Bc4 0-0 8. Bb3 d6 9. f3 Bd7 10. Qd2 Qc8 11. 0-0-0 Nxd4 12. Bxd4 b5 13. h4 a5 14. Bxf6 Bxf6 15. h5 a4 16. hxg6 axb3 17. Qh6 Bg5+ 18. Qxg5 bxa2 19. gxh7+ Kh8 20. Kd2 f6 21. Qg6 Be8 22. Qh6 Bd7 23. Nd5 Qd8 24. Nf4 Qa5+ 25. c3 Bf5 26. exf5 Rg8 27. hxg8Q+ Kxg8 28. Qh8+ Kf7 29. Rh7# 1-0

[Event "HUN-ch U10/14 Girls"]
[Site "Buek"]
[Date "2023.06.22"]
[Round "5"]
[White "Vadkerti, Bori"]
[Black "Hangay, Lilla"]
[Result "0-1"]
[WhiteElo "1066"]
[BlackElo "1292"]
[PlyCount "76"]
[EventDate "2023.06.17"]
[EventType "swiss"]
[EventRounds "9"]
[EventCountry "HUN"]
[SourceTitle "CBM 215 Extra"]
[Source "ChessBase"]
[SourceDate "2023.09.30"]
[SourceVersion "1"]
[SourceVersionDate "2023.09.30"]
[SourceQuality "1"]

1. d4 d5 2. Bf4 Nf6 3. e3 c5 4. c3 Nc6 5. Nd2 e6 6. Ngf3 Bd6 7. Bg3 0-0 8. Bd3 b6 9. 0-0 Bb7 10. Ne5 Bxe5 11. dxe5 Nd7 12. f4 f6 13. exf6 Nxf6 14. Bh4 Ne7 15. Bxf6 Rxf6 16. e4 Qf8 17. g3 Rd8 18. e5 Rh6 19. Qe2 d4 20. c4 Nf5 21. Bxf5 Qxf5 22. g4 Rg6 23. g5 h6 24. h4 Qh3 25. Qh2 Qg4+ 26. Kf2 d3 27. Ke1 hxg5 28. fxg5 Qd4 29. Rg1 Rf8 30. h5 Qe3+ 31. Kd1 Rf2 32. Qxf2 Qxf2 33. Re1 Rxg5 34. Rf1 Rg1 35. Rxg1 Qxg1+ 36. Nf1 Qxf1+ 37. Kd2 Qe2+ 38. Kc3 Qc2# 0-1

[Event "HUN-chT U18"]
[Site "Budapest"]
[Date "2021.10.27"]
[Round "7.34"]
[White "Hangay, Lilla"]
[Black "Ferenczy, Nora"]
[Result "1-0"]
[WhiteElo "1124"]
[BlackElo "1125"]
[PlyCount "89"]
[EventDate "2021.10.24"]
[EventType "team-tourn"]
[EventRounds "7"]
[EventCountry "HUN"]
[SourceTitle "CBM 205 Extra"]
[Source "ChessBase"]
[SourceDate "2022.01.31"]
[SourceVersion "1"]
[SourceVersionDate "2022.01.31"]
[SourceQuality "1"]

1. e4 c5 2. Nf3 d6 3. d4 cxd4 4. Nxd4 e5 5. Bb5+ Bd7 6. Bxd7+ Nxd7 7. Nf5 Nc5 8. Nc3 Nf6 9. Qe2 a6 10. Bg5 Be7 11. Nxg7+ Kd7 12. Bxf6 Bxf6 13. Nf5 Rg8 14. Nxd6 Qe7 15. Rd1 Qxd6 16. Rxd6+ Kxd6 17. Qd2+ Ke7 18. Nd5+ Ke6 19. Nc7+ Ke7 20. Nxa8 Rxa8 21. Qb4 Rc8 22. 0-0 Kf8 23. Rd1 Be7 24. Qc3 f6 25. Qh3 Re8 26. Qxh7 Bd8 27. b4 Ne6 28. Qxb7 Nd4 29. Qxa6 Re6 30. Qc4 Rc6 31. Qd5 Be7 32. Rxd4 exd4 33. Qxc6 Bxb4 34. Qxf6+ Ke8 35. Qg7 Bc5 36. e5 Be7 37. e6 Kd8 38. Qxd4+ Kc7 39. Qd7+ Kb6 40. Qxe7 Kb5 41. Qc7 Kb4 42. e7 Ka3 43. Qb6 Kxa2 44. e8Q Ka3 45. Qa8# 1-0

[Event "HUN-chT U18"]
[Site "Budapest"]
[Date "2021.10.24"]
[Round "1.34"]
[White "Bende, Eniko Tunde"]
[Black "Hangay, Lilla"]
[Result "0-1"]
[WhiteElo "1158"]
[BlackElo "1124"]
[PlyCount "126"]
[EventDate "2021.10.24"]
[EventType "team-tourn"]
[EventRounds "7"]
[EventCountry "HUN"]
[SourceTitle "CBM 205 Extra"]
[Source "ChessBase"]
[SourceDate "2022.01.31"]
[SourceVersion "1"]
[SourceVersionDate "2022.01.31"]
[SourceQuality "1"]

1. Nf3 d5 2. d4 Nf6 3. Bf4 c5 4. dxc5 e6 5. g3 Bxc5 6. Bg2 Qb6 7. 0-0 Qxb2 8. Be5 Qb6 9. Nc3 Bd7 10. Rb1 Qc6 11. Nb5 Na6 12. Nbd4 Bxd4 13. Nxd4 Qc8 14. Nb5 Bxb5 15. Rxb5 Qc6 16. Qb1 Nc5 17. Qb4 b6 18. Bd4 Ncd7 19. c4 a6 20. cxd5 Qxb5 21. Qxb5 axb5 22. dxe6 Rxa2 23. exd7+ Nxd7 24. Bxg7 Rg8 25. Bd5 Rd2 26. Ra1 Rxg7 27. Ra8+ Ke7 28. Bc6 Rxe2 29. Ra7 Rd2 30. Bxb5 Ke6 31. Bc4+ Kf6 32. Bb5 Ne5 33. Ra6 Ng4 34. Rxb6+ Ke5 35. f4+ Kd4 36. Rd6+ Ke3 37. Rxd2 Kxd2 38. h3 Ne3 39. Kf2 Rg6 40. Be8 Rh6 41. Bxf7 Rxh3 42. Be6 Rh2+ 43. Kf3 h5 44. f5 h4 45. gxh4 Rxh4 46. f6 Nc4 47. Bxc4 Rxc4 48. f7 Rc8 49. Ke4 Rf8 50. Ke5 Rxf7 51. Ke6 Rf4 52. Ke5 Ra4 53. Kf5 Ke3 54. Ke5 Ra5+ 55. Kd6 Kd4 56. Kc6 Rh5 57. Kb6 Kc4 58. Kc6 Rh6+ 59. Kd7 Kd5 60. Kc7 Kc5 61. Kb7 Rh7+ 62. Ka6 Rc7 63. Ka5 Ra7# 0-1